| 000 | 00860nam a22002417a 4500 | ||
|---|---|---|---|
| 005 | 20080626144734.0 | ||
| 008 | 080618t xxu||||| |||| 00| 0 eng d | ||
| 010 | _aENG-90424 | ||
| 020 |
_c695.00 _a8131303771 |
||
| 035 | _aEN-73957 | ||
| 037 | _bDBAD / PUB | ||
| 040 |
_aDPL _bEN |
||
| 082 | _a379.30954 | ||
| 100 | _aRamnath Kishan, N. | ||
| 245 |
_aPrivatization of education / _cby N. Ramnath Kishan |
||
| 260 |
_aNew Delhi _bAPH Publishing _c2008 |
||
| 260 |
_a _b |
||
| 270 |
_a4435-36/7, Ansri Road, Darya Ganj, _bNew Delhi _e110002 |
||
| 300 |
_axi, 227p. _c23 cm (Hb) |
||
| 500 | _aIncludes references | ||
| 942 |
_cEN _h379.30954 _2ddc _mRAM |
||
| 999 |
_c14032 _d14032 |
||